| 000 | 00703nam a22002057a 4500 | ||
|---|---|---|---|
| 008 | 111027t xxu||||| |||| 00| 0 eng d | ||
| 020 | _a978-2-297-01232-4 | ||
| 040 |
_aBUAC _cCDIRSP |
||
| 041 | _aFr | ||
| 100 |
_aBéatrice _919757 |
||
| 245 |
_aAnalyse financière _b : les outils du diagnostic financier à partir des documents comptables établis en conformité avec les dernières nouveautés du PCG _c / Béatrice et Francis GRANDGUILLOT |
||
| 250 | _a13è éd. | ||
| 260 |
_aParis : _bGualino, _c2009 |
||
| 300 | _a237 p. | ||
| 440 |
_a(les zoom's) _919758 |
||
| 650 |
_aFinance _919759 |
||
| 653 |
_aAnalyses _aDiagnostic,outils |
||
| 700 |
_aGRANDGUILLOT, Francis _919760 |
||
| 942 | _cLIV | ||
| 999 |
_c49839 _d49839 |
||